[Event "DVM U16 2016"]
[Site "Neumarkt in der Oberpfalz GER"]
[Date "2016.12.28"]
[Round "4"]
[White "Joeres, Stefan"]
[Black "Merx, Florian"]
[Result "1-0"]
[Termination "normal"]
[Board "8.1"]
[WhiteElo "1918"]
[BlackElo "1717"]
[WhiteTeam "Karlsruher SF"]
[BlackTeam "SV Empor Erfurt"]
[PlyCount "101"]
[WhiteFideId "12983160"]
[BlackFideId "16212304"]
[EventCountry "GER"]
[EventRounds "7"]
[EventType "team-swiss"]
[EventDate "2016.12.26"]

1. e4 e5 2. Nf3 Nc6 3. Bb5 a6 4. Ba4 Nf6 5. O-O Be7 6. Re1 b5 7. Bb3 O-O 8. d3
d6 9. c3 Na5 10. Bc2 c5 11. Nbd2 Re8 12. Nf1 Qc7 13. h3 Nc6 14. Ng3 Nd8 15. a4
Rb8 16. Kh2 Ne6 17. axb5 axb5 18. Nf5 Bf8 19. Kh1 Bb7 20. Qe2 Ra8 21. Bg5 Nxg5
22. Nxg5 d5 23. Ng3 h6 24. Nf3 dxe4 25. dxe4 Bc6 26. b3 Rxa1 27. Rxa1 Rd8 28.
Bd3 b4 29. cxb4 cxb4 30. Bc4 Bd6 31. Ne1 Qb7 32. f3 Nd7 33. Nf5 Nc5 34. Rd1 Bc7
35. Rxd8+ Bxd8 36. Nd6 Qe7 37. Nxf7 Kf8 38. Nxd8 Qxd8 39. Nd3 Nxd3 40. Qxd3 Qe7
41. Qe3 Ke8 42. Qb6 Bb7 43. Kg1 Bc8 44. Qc6+ Kd8 45. Bb5 Bb7 46. Qc4 Bc8 47.
Qd5+ Kc7 48. Qc6+ Kb8 49. Qb6+ Ka8 50. Bc6+ Bb7 51. Qxb7+  1-0

[Event "DVM U16 2016"]
[Site "Neumarkt in der Oberpfalz GER"]
[Date "2016.12.28"]
[Round "4"]
[White "Vo, Minh"]
[Black "Wiesner, Alexander"]
[Result "0-1"]
[Termination "normal"]
[Board "8.2"]
[WhiteElo "1656"]
[BlackElo "1989"]
[WhiteTeam "SV Empor Erfurt"]
[BlackTeam "Karlsruher SF"]
[PlyCount "60"]
[WhiteFideId "12976512"]
[BlackFideId "12943991"]
[EventCountry "GER"]
[EventRounds "7"]
[EventType "team-swiss"]
[EventDate "2016.12.26"]

1. c4 e5 2. Nc3 Bb4 3. Nd5 Bc5 4. e4 Nf6 5. d3 c6 6. Nxf6+ Qxf6 7. Nf3 O-O 8.
Be2 Qe6 9. Qc2 Bb4+ 10. Bd2 Bxd2+ 11. Qxd2 c5 12. b4 d6 13. O-O Nc6 14. a3 Ne7
15. bxc5 dxc5 16. Qb2 Ng6 17. h3 Nf4 18. Ne1 Qb6 19. Qd2 Qg6 20. Kh2 Rd8 21.
Qe3 b6 22. Ra2 Rd6 23. h4 Bg4 24. f3 Bd7 25. Rd2 Qh6 26. g3 Qe6 27. g4 Qf6 28.
Qf2 h5 29. Rg1 Ng6 30. g5 Qf4+  0-1

[Event "DVM U16 2016"]
[Site "Neumarkt in der Oberpfalz GER"]
[Date "2016.12.28"]
[Round "4"]
[White "Wegmer, Leon"]
[Black "Schulz, Theresa Charlotte"]
[Result "1-0"]
[Termination "normal"]
[Board "8.3"]
[WhiteElo "1511"]
[BlackElo "1595"]
[WhiteTeam "Karlsruher SF"]
[BlackTeam "SV Empor Erfurt"]
[PlyCount "61"]
[WhiteFideId "12983748"]
[BlackFideId "12952206"]
[EventCountry "GER"]
[EventRounds "7"]
[EventType "team-swiss"]
[EventDate "2016.12.26"]

1. e4 c5 2. Nf3 Nc6 3. c3 d5 4. exd5 Qxd5 5. d4 cxd4 6. cxd4 Bg4 7. Be2 e6 8.
O-O Nf6 9. h3 Bh5 10. Nc3 Qd8 11. Qa4 Bd6 12. g4 Bg6 13. Bb5 Qc7 14. Bg5 O-O
15. Bxf6 gxf6 16. Ne2 Be4 17. Qb3 h5 18. Qe3 Bd5 19. g5 f5 20. Bxc6 bxc6 21.
Ne5 f6 22. gxf6 Kh7 23. Nf4 Rxf6 24. Kh2 Rg8 25. Rg1 Rxg1 26. Rxg1 Bxa2 27. Qg3
Bxe5 28. dxe5 Rf8 29. Qg6+ Kh8 30. Qh6+ Qh7 31. Qxf8+  1-0

[Event "DVM U16 2016"]
[Site "Neumarkt in der Oberpfalz GER"]
[Date "2016.12.28"]
[Round "4"]
[White "Finke, Daniel"]
[Black "Kokschenev, Michael"]
[Result "1/2-1/2"]
[Termination "normal"]
[Board "8.4"]
[WhiteElo "1560"]
[BlackElo "1363"]
[WhiteTeam "SV Empor Erfurt"]
[BlackTeam "Karlsruher SF"]
[PlyCount "110"]
[WhiteFideId "16217675"]
[BlackFideId "12983721"]
[EventCountry "GER"]
[EventRounds "7"]
[EventType "team-swiss"]
[EventDate "2016.12.26"]

1. e4 e5 2. Nf3 Nc6 3. Bc4 Bc5 4. b4 Bxb4 5. c3 Be7 6. d4 exd4 7. cxd4 Bb4+ 8.
Bd2 Bxd2+ 9. Nbxd2 d6 10. O-O Nf6 11. e5 dxe5 12. dxe5 Nd5 13. Ne4 Nce7 14. Qb3
O-O 15. Rad1 c6 16. Rfe1 h6 17. Nc5 Qb6 18. Ne4 Qxb3 19. Bxb3 Bg4 20. Rd3 Nf4
21. Rd2 Bxf3 22. gxf3 Rad8 23. Red1 Rxd2 24. Rxd2 Nf5 25. Rd7 Nh4 26. Nd2 Ne6
27. Bxe6 fxe6 28. Rxb7 Rd8 29. Nf1 Nxf3+ 30. Kg2 Nxe5 31. Rxa7 Kf8 32. a4 Rc8
33. a5 c5 34. a6 c4 35. Rb7 c3 36. Ne3 Ra8 37. a7 Nc6 38. Rc7 Nxa7 39. Rxc3 Rc8
40. Rb3 Rc7 41. Rb8+ Kf7 42. Ng4 Nc6 43. Rb5 Kg6 44. Ne5+ Nxe5 45. Rxe5 Kf6 46.
Re3 Rc5 47. Rd3 Rd5 48. Ra3 Rg5+ 49. Kf3 h5 50. Ra4 Kf5 51. Rf4+ Kg6 52. Re4
Rf5+ 53. Kg3 Kf6 54. h4 g6 55. f3  1/&2-1/2

[Event "DVM U16 2016"]
[Site "Neumarkt in der Oberpfalz GER"]
[Date "2016.12.28"]
[Round "4"]
[White "Kandler, Philipp"]
[Black "Wendler, David"]
[Result "0-1"]
[Termination "normal"]
[Board "9.1"]
[WhiteElo "1594"]
[BlackElo "1962"]
[WhiteTeam "Gütersloher SV"]
[BlackTeam "SK Bebenhausen"]
[PlyCount "94"]
[WhiteFideId "16200772"]
[BlackFideId "12938360"]
[EventCountry "GER"]
[EventRounds "7"]
[EventType "team-swiss"]
[EventDate "2016.12.26"]

1. e4 c5 2. Nc3 Nc6 3. f4 g6 4. Nf3 Bg7 5. Bb5 Nd4 6. O-O Nxb5 7. Nxb5 d5 8.
exd5 a6 9. Nc3 Nf6 10. d3 Nxd5 11. Ne4 Qc7 12. Kh1 O-O 13. Qe1 e6 14. Qh4 c4
15. d4 Qe7 16. Qxe7 Nxe7 17. Nd6 b5 18. Nxc8 Rfxc8 19. Bd2 a5 20. c3 h5 21. g3
Nd5 22. Ne5 Ra7 23. a3 Bf8 24. Rfc1 Bd6 25. a4 b4 26. cxb4 Bxe5 27. dxe5 axb4
28. b3 c3 29. Be1 Ra5 30. Bf2 Rc6 31. Rc2 Kf8 32. Kg1 Ke8 33. Kg2 Kd7 34. Rd1
Kc7 35. Bd4 Kb7 36. Kf3 Rc7 37. h3 Ra8 38. Ke4 Kc6 39. Rd3 Rd7 40. Rc1 Rad8 41.
Rc2 Kb7 42. Rc1 Ne7 43. g4 Nc6 44. Rcd1 Rxd4+ 45. Rxd4 Rxd4+ 46. Rxd4 Nxd4 47.
Kd3 Nxb3  0-1

[Event "DVM U16 2016"]
[Site "Neumarkt in der Oberpfalz GER"]
[Date "2016.12.28"]
[Round "4"]
[White "Grimm, Ling Leander"]
[Black "Neumann, Theodor"]
[Result "1-0"]
[Termination "normal"]
[Board "9.2"]
[WhiteElo "1703"]
[BlackElo "1739"]
[WhiteTeam "SK Bebenhausen"]
[BlackTeam "Gütersloher SV"]
[PlyCount "63"]
[WhiteFideId "12968277"]
[BlackFideId "16200799"]
[EventCountry "GER"]
[EventRounds "7"]
[EventType "team-swiss"]
[EventDate "2016.12.26"]

1. e4 e5 2. f4 exf4 3. Nf3 Nf6 4. e5 Nh5 5. Bc4 g5 6. O-O g4 7. d4 Rg8 8. Nc3
b5 9. Bb3 Bh6 10. d5 Rg6 11. Nd4 c6 12. Ne4 Kf8 13. dxc6 Qb6 14. Be3 Qc7 15.
Nxb5 Qxe5 16. Bc5+ Kg8 17. Nbd6 Rg7 18. Re1 g3 19. Nf6+ Nxf6 20. Rxe5 gxh2+ 21.
Kh1 Nxc6 22. Rf5 Ne5 23. Rxe5 Rg3 24. Nf5 Bg7 25. Nxg3 fxg3 26. Re7 Bb7 27.
Rxf7 Kh8 28. Bd4 Re8 29. Rxf6 d5 30. Rf7 Rg8 31. Bxg7+ Rxg7 32. Rf8+  1-0

[Event "DVM U16 2016"]
[Site "Neumarkt in der Oberpfalz GER"]
[Date "2016.12.28"]
[Round "4"]
[White "Fortenbacher, Dominic"]
[Black "Greitmann, Niklas"]
[Result "0-1"]
[Termination "normal"]
[Board "9.3"]
[WhiteElo "1579"]
[BlackElo "1435"]
[WhiteTeam "Gütersloher SV"]
[BlackTeam "SK Bebenhausen"]
[PlyCount "84"]
[WhiteFideId "16200780"]
[BlackFideId "16200705"]
[EventCountry "GER"]
[EventRounds "7"]
[EventType "team-swiss"]
[EventDate "2016.12.26"]

1. e4 c5 2. Nc3 Nc6 3. f4 g6 4. Nf3 Bg7 5. Bb5 Nd4 6. O-O Nxb5 7. Nxb5 d5 8.
exd5 a6 9. Nc3 Nf6 10. d3 Nxd5 11. Nxd5 Qxd5 12. Qe1 Qd6 13. Rb1 O-O 14. b4
cxb4 15. Qxb4 Qxb4 16. Rxb4 b5 17. Re4 e6 18. Ba3 Rd8 19. Bc5 Bb7 20. Re2 Rac8
21. Bb4 Bd5 22. a3 Rd7 23. Ne5 Rdc7 24. Rc1 Bb3 25. c3 f6 26. Nf3 Kf7 27. Nd4
Bd5 28. Rce1 Re8 29. g4 Bh6 30. g5 fxg5 31. f5 gxf5 32. Nxf5 Bf8 33. Ba5 Rcc8
34. Ng3 Bxa3 35. Rf1+ Kg6 36. Ne4 Rf8 37. Rg2 Rxf1+ 38. Kxf1 Be7 39. h4 h6 40.
Bb6 Bxe4 41. dxe4 Rxc3 42. Ke1 Rc4  0-1

[Event "DVM U16 2016"]
[Site "Neumarkt in der Oberpfalz GER"]
[Date "2016.12.28"]
[Round "4"]
[White "Ortner, Jonas Ruben"]
[Black "Qiu, Oliver"]
[Result "1-0"]
[Termination "normal"]
[Board "9.4"]
[WhiteElo "1423"]
[BlackElo "1661"]
[WhiteTeam "SK Bebenhausen"]
[BlackTeam "Gütersloher SV"]
[PlyCount "55"]
[WhiteFideId "16235118"]
[BlackFideId "16200713"]
[EventCountry "GER"]
[EventRounds "7"]
[EventType "team-swiss"]
[EventDate "2016.12.26"]

1. e4 e5 2. Nf3 Nc6 3. Bc4 Bc5 4. c3 Nf6 5. d4 exd4 6. cxd4 Bb4+ 7. Nc3 d5 8.
exd5 Nxd5 9. O-O Nce7 10. Nxd5 Be6 11. Nxb4 Bxc4 12. Re1 O-O 13. Qc2 Bb5 14.
Qc5 a5 15. Nc2 Bd3 16. Rxe7 Bxc2 17. Qxc7 Qxc7 18. Rxc7 Be4 19. Ne5 Rad8 20.
Be3 f5 21. f3 Bd5 22. Bg5 Rd6 23. Be7 Rdd8 24. Bxd8 Rxd8 25. Rac1 Be6 26. Rxb7
h6 27. Rcc7 Bd5 28. Rxg7+  1-0

[Event "DVM U16 2016"]
[Site "Neumarkt in der Oberpfalz GER"]
[Date "2016.12.28"]
[Round "4"]
[White "Ortmeier, Leonhard"]
[Black "Mühlpfordt, Thomas"]
[Result "1-0"]
[Termination "normal"]
[Board "10.1"]
[WhiteElo "1978"]
[BlackElo "1828"]
[WhiteTeam "SC Rochade Emsdetten"]
[BlackTeam "SC 1997 Lambsheim"]
[PlyCount "57"]
[WhiteFideId "12993662"]
[BlackFideId "12986623"]
[EventCountry "GER"]
[EventRounds "7"]
[EventType "team-swiss"]
[EventDate "2016.12.26"]

1. e4 e5 2. Nf3 Nc6 3. Bc4 Nf6 4. d4 exd4 5. e5 d5 6. Bb5 Ne4 7. Nxd4 Bd7 8.
Bxc6 Bxc6 9. O-O Bc5 10. f3 Ng5 11. f4 Ne6 12. c3 Nxd4 13. cxd4 Bf8 14. Nc3 Qe7
15. a3 O-O-O 16. b4 b6 17. Qd3 Bb7 18. Bd2 Kb8 19. f5 f6 20. Rae1 Bc8 21. Re2
Qf7 22. e6 Qe7 23. Bf4 Kb7 24. Rc1 c6 25. Na4 b5 26. Rxc6 Bxe6 27. Rexe6 Qd7
28. Qxb5+ Ka8 29. Nb6+  1-0

[Event "DVM U16 2016"]
[Site "Neumarkt in der Oberpfalz GER"]
[Date "2016.12.28"]
[Round "4"]
[White "Wacker, Andreas"]
[Black "Delere, Adrian"]
[Result "1-0"]
[Termination "normal"]
[Board "10.2"]
[WhiteElo "1646"]
[BlackElo "1709"]
[WhiteTeam "SC 1997 Lambsheim"]
[BlackTeam "SC Rochade Emsdetten"]
[PlyCount "83"]
[WhiteFideId "12953083"]
[BlackFideId "12990400"]
[EventCountry "GER"]
[EventRounds "7"]
[EventType "team-swiss"]
[EventDate "2016.12.26"]

1. e4 e5 2. Nf3 Nc6 3. Bc4 Nf6 4. d3 Bc5 5. Bg5 d6 6. h3 Be6 7. Bb3 Qd7 8. Nc3
h6 9. Bxf6 gxf6 10. Nd5 Bxd5 11. Bxd5 O-O-O 12. c3 Rhf8 13. b4 Bb6 14. a4 a5
15. bxa5 Bxa5 16. Qb3 b6 17. Rb1 Nb8 18. Nd2 c6 19. Nc4 Qc7 20. Nxa5 bxa5 21.
Bc4 f5 22. f3 Qa7 23. Ke2 Rd7 24. Rb2 fxe4 25. Rhb1 exd3+ 26. Kf1 Kc7 27. Qb7+
Qxb7 28. Rxb7+ Kd8 29. Rxb8+ Ke7 30. Rxf8 Kxf8 31. Bxd3 Re7 32. Rb6 Rc7 33. Ba6
d5 34. Rb7 Re7 35. Rb6 c5 36. Rxh6 d4 37. Rc6 Re6 38. Rxe6 fxe6 39. cxd4 exd4
40. Ke2 Kf7 41. Kd3 Kf6 42. Kc4  1-0

[Event "DVM U16 2016"]
[Site "Neumarkt in der Oberpfalz GER"]
[Date "2016.12.28"]
[Round "4"]
[White "Teschler, Ansgar"]
[Black "Dalchow, Jonas"]
[Result "1/2-1/2"]
[Termination "normal"]
[Board "10.3"]
[WhiteElo "2037"]
[BlackElo "1785"]
[WhiteTeam "SC Rochade Emsdetten"]
[BlackTeam "SC 1997 Lambsheim"]
[PlyCount "85"]
[WhiteFideId "16231139"]
[BlackFideId "12971251"]
[EventCountry "GER"]
[EventRounds "7"]
[EventType "team-swiss"]
[EventDate "2016.12.26"]

1. d4 Nf6 2. c4 g6 3. Nc3 d5 4. Nf3 Bg7 5. Qb3 e6 6. Bg5 c6 7. e3 O-O 8. Be2
Nbd7 9. O-O b6 10. cxd5 cxd5 11. Ne5 Bb7 12. Bb5 Nb8 13. a4 a6 14. Be2 Nc6 15.
Rfc1 Qc7 16. Bf4 Na5 17. Qa3 Qd8 18. Na2 Re8 19. b4 Bf8 20. Qb2 Nc4 21. Nxc4
dxc4 22. Bxc4 Rc8 23. Be2 Rxc1+ 24. Rxc1 Nd5 25. Bg3 Bd6 26. Bxd6 Qxd6 27. Bf3
Bc6 28. b5 axb5 29. axb5 Bd7 30. Bxd5 Qxd5 31. Nc3 Qb7 32. Na2 Ra8 33. h3 Bxb5
34. Qxb5 Rxa2 35. Qe8+ Kg7 36. Rc8 Ra1+ 37. Kh2 Ra2 38. Qf8+ Kf6 39. Qh8+ Kg5
40. Qe5+ Kh6 41. Qf4+ Kg7 42. Qe5+ Kh6 43. Qf4+  1/2-1/2

[Event "DVM U16 2016"]
[Site "Neumarkt in der Oberpfalz GER"]
[Date "2016.12.28"]
[Round "4"]
[White "Dalchow, Mario"]
[Black "Hoppe, Nico"]
[Result "0-1"]
[Termination "normal"]
[Board "10.4"]
[WhiteElo "1471"]
[BlackElo "1564"]
[WhiteTeam "SC 1997 Lambsheim"]
[BlackTeam "SC Rochade Emsdetten"]
[PlyCount "121"]
[WhiteFideId "12971421"]
[BlackFideId "16225520"]
[EventCountry "GER"]
[EventRounds "7"]
[EventType "team-swiss"]
[EventDate "2016.12.26"]

1. e4 c6 2. d4 d5 3. Nc3 dxe4 4. Nxe4 Bf5 5. Ng3 Bg6 6. Nf3 Nd7 7. Bd3 Ngf6 8.
O-O e6 9. c3 Be7 10. Qc2 Bxd3 11. Qxd3 O-O 12. Be3 c5 13. Rfd1 Rc8 14. Qb5 Qb6
15. Qxb6 Nxb6 16. b3 c4 17. Rac1 Nfd5 18. Ne2 Rc7 19. Nf4 cxb3 20. Nxd5 Nxd5
21. c4 Nxe3 22. fxe3 bxa2 23. c5 Rfc8 24. Ra1 b6 25. cxb6 axb6 26. Rxa2 b5 27.
Rb1 Rc1+ 28. Rxc1 Rxc1+ 29. Kf2 f6 30. Rb2 b4 31. Ne1 Rc8 32. Nd3 Rb8 33. Ke2
Kf7 34. Kd2 Ke8 35. Kc2 Kd7 36. Kb3 Kc6 37. Ra2 g5 38. e4 h6 39. Ra6+ Kd7 40.
Ra7+ Ke8 41. Ra4 h5 42. Nxb4 f5 43. e5 f4 44. Kc3 Bxb4+ 45. Rxb4 Rxb4 46. Kxb4
Kd7 47. Kc3 Kc6 48. Kd3 Kd5 49. g3 fxg3 50. hxg3 h4 51. gxh4 gxh4 52. Ke3 h3
53. Kf2 Kxd4 54. Kg3 Kxe5 55. Kxh3 Kd4 56. Kg2 Ke3 57. Kf1 Kd2 58. Kf2 e5 59.
Kf3 Kd3 60. Kf2 e4  &0-1

[Event "DVM U16 2016"]
[Site "Neumarkt in der Oberpfalz GER"]
[Date "2016.12.29"]
[Round "6"]
[White "Oberhofer, Cédric"]
[Black "Browning, Alex"]
[Result "1/2-1/2"]
[Termination "normal"]
[Board "1.1"]
[WhiteElo "2226"]
[BlackElo "1938"]
[WhiteClock "00:00:52"]
[BlackClock "00:35:29"]
[WhiteTeam "SC Bavaria Regensburg"]
[BlackTeam "MS Halver-Schalksmühle"]
[PlyCount "86"]
[WhiteFideId "12941220"]
[BlackFideId "12984019"]
[EventCountry "GER"]
[EventRounds "7"]
[EventType "team-swiss"]
[EventDate "2016.12.26"]

1. e4 {[%clk 1:30:59]} c5 {[%clk 1:30:51]} 2. Nf3 {[%clk 1:31:24]} d6 {[%clk
1:31:13]} 3. d4 {[%clk 1:31:51]} cxd4 {[%clk 1:31:35]} 4. Nxd4 {[%clk 1:32:16]}
Nf6 {[%clk 1:31:57]} 5. Nc3 {[%clk 1:32:41]} a6 {[%clk 1:32:21]} 6. f4 {[%clk
1:33:02]} e5 {[%clk 1:32:38]} 7. Nb3 {[%clk 1:33:24]} Nbd7 {[%clk 1:33:00]} 8.
g4 {[%clk 1:33:44]} Be7 {[%clk 1:28:26]} 9. g5 {[%clk 1:24:43]} Ng8 {[%clk
1:28:36]} 10. Nd5 {[%clk 1:22:50]} h6 {[%clk 1:25:24]} 11. Qf3 {[%clk 1:19:49]}
exf4 {[%clk 1:22:51]} 12. Qc3 {[%clk 1:19:31]} Kf8 {[%clk 1:22:27]} 13. gxh6
{[%clk 1:11:39]} Bh4+ {[%clk 1:21:56]} 14. Kd1 {[%clk 1:12:02]} Rxh6 {[%clk
1:22:08]} 15. Bxf4 {[%clk 1:08:32]} Rg6 {[%clk 1:18:41]} 16. Qb4 {[%clk
0:59:46]} Nb8 {[%clk 1:12:41]} 17. Be2 {[%clk 0:48:03]} Nc6 {[%clk 1:10:26]}
18. Qb6 {[%clk 0:47:48]} Qxb6 {[%clk 1:08:28]} 19. Nxb6 {[%clk 0:48:15]} Rb8
{[%clk 1:08:11]} 20. Nxc8 {[%clk 0:44:58]} Rxc8 {[%clk 1:08:31]} 21. Kd2 {[%clk
0:43:41]} Bg5 {[%clk 1:08:38]} 22. Bxg5 {[%clk 0:43:16]} Rxg5 {[%clk 1:09:02]}
23. Bd3 {[%clk 0:40:20]} Rg2+ {[%clk 1:07:32]} 24. Ke3 {[%clk 0:40:01]} Nf6
{[%clk 1:07:27]} 25. h3 {[%clk 0:34:09]} Re8 {[%clk 1:06:00]} 26. Kf3 {[%clk
0:33:43]} Rg5 {[%clk 1:06:23]} 27. Rae1 {[%clk 0:29:27]} Ne5+ {[%clk 1:03:14]}
28. Kf2 {[%clk 0:29:01]} Ke7 {[%clk 0:57:54]} 29. Nd4 {[%clk 0:25:49]} g6
{[%clk 0:58:12]} 30. Rhg1 {[%clk 0:17:31]} Rh5 {[%clk 0:56:15]} 31. Bf1 {[%clk
0:16:29]} Kd7 {[%clk 0:55:25]} 32. Bg2 {[%clk 0:14:55]} Nc6 {[%clk 0:53:53]}
33. Nxc6 {[%clk 0:13:20]} bxc6 {[%clk 0:54:15]} 34. Re3 {[%clk 0:12:39]} Rhe5
{[%clk 0:54:19]} 35. Rge1 {[%clk 0:12:51]} Kc7 {[%clk 0:54:08]} 36. R1e2 {[%clk
0:10:27]} R8e6 {[%clk 0:52:09]} 37. Bf3 {[%clk 0:08:56]} Re7 {[%clk 0:50:53]}
38. Re1 {[%clk 0:07:45]} Ra5 {[%clk 0:45:01]} 39. a3 {[%clk 0:06:51]} Rae5
{[%clk 0:45:10]} 40. R1e2 {[%clk 0:05:41]} g5 {[%clk 0:40:40]} 41. Re1 {[%clk
0:04:18]} a5 {[%clk 0:39:45]} 42. b3 {[%clk 0:02:37]} Kb6 {[%clk 0:38:41]} 43.
R1e2 {[%clk 0:00:52]} Re8 {[%clk 0:35:29]} 1/2-1/2

[Event "DVM U16 2016"]
[Site "Neumarkt in der Oberpfalz GER"]
[Date "2016.12.29"]
[Round "6"]
[White "Kölz, Niklas"]
[Black "Dechant, Georg"]
[Result "0-1"]
[Termination "normal"]
[Board "1.2"]
[WhiteElo "1801"]
[BlackElo "2005"]
[WhiteClock "00:18:00"]
[BlackClock "01:06:36"]
[WhiteTeam "MS Halver-Schalksmühle"]
[BlackTeam "SC Bavaria Regensburg"]
[PlyCount "80"]
[WhiteFideId "12971758"]
[BlackFideId "12956716"]
[EventCountry "GER"]
[EventRounds "7"]
[EventType "team-swiss"]
[EventDate "2016.12.26"]

1. e4 {[%clk 1:30:56]} c5 {[%clk 1:30:56]} 2. Nf3 {[%clk 1:31:08]} Nc6 {[%clk
1:31:20]} 3. d4 {[%clk 1:31:17]} cxd4 {[%clk 1:31:45]} 4. Nxd4 {[%clk 1:31:43]}
Qc7 {[%clk 1:32:09]} 5. Nc3 {[%clk 1:31:29]} e6 {[%clk 1:32:34]} 6. f4 {[%clk
1:31:19]} a6 {[%clk 1:32:56]} 7. Be3 {[%clk 1:30:55]} b5 {[%clk 1:33:21]} 8.
Be2 {[%clk 1:27:54]} b4 {[%clk 1:31:05]} 9. Na4 {[%clk 1:27:38]} Bb7 {[%clk
1:29:45]} 10. Nb3 {[%clk 1:26:13]} Nf6 {[%clk 1:27:42]} 11. Nbc5 {[%clk
1:21:16]} d5 {[%clk 1:27:00]} 12. e5 {[%clk 1:16:17]} Bxc5 {[%clk 1:26:47]} 13.
Nxc5 {[%clk 1:14:26]} Ng8 {[%clk 1:22:32]} 14. a3 {[%clk 1:08:07]} d4 {[%clk
1:12:36]} 15. Nxb7 {[%clk 1:00:44]} Qxb7 {[%clk 1:13:00]} 16. Bxd4 {[%clk
0:55:51]} Nxd4 {[%clk 1:10:03]} 17. Qxd4 {[%clk 0:55:30]} Rd8 {[%clk 1:07:34]}
18. Bf3 {[%clk 0:47:53]} Rxd4 {[%clk 1:05:33]} 19. Bxb7 {[%clk 0:48:16]} Rxf4
{[%clk 1:05:58]} 20. O-O-O {[%clk 0:47:46]} Ne7 {[%clk 1:04:56]} 21. axb4
{[%clk 0:45:33]} Rxb4 {[%clk 1:05:07]} 22. Bxa6 {[%clk 0:45:37]} O-O {[%clk
1:05:19]} 23. c4 {[%clk 0:43:39]} Nc6 {[%clk 1:04:59]} 24. Rhe1 {[%clk
0:43:07]} Na5 {[%clk 1:05:01]} 25. Re4 {[%clk 0:26:56]} Nb3+ {[%clk 1:05:24]}
26. Kc2 {[%clk 0:25:38]} Nc5 {[%clk 1:05:48]} 27. Re3 {[%clk 0:24:01]} Nxa6
{[%clk 1:06:10]} 28. Ra3 {[%clk 0:24:02]} Rxc4+ {[%clk 1:06:18]} 29. Kd3 {[%clk
0:23:41]} Rc6 {[%clk 1:06:36]} 30. Ke3 {[%clk 0:23:15]} Nb4 {[%clk 1:06:35]}
31. Kf3 {[%clk 0:22:03]} g6 {[%clk 1:06:47]} 32. Rb3 {[%clk 0:21:45]} Nd5
{[%clk 1:06:55]} 33. g4 {[%clk 0:21:07]} Rc4 {[%clk 1:07:15]} 34. Re1 {[%clk
0:20:51]} Nb4 {[%clk 1:06:44]} 35. Rd1 {[%clk 0:20:30]} Nc6 {[%clk 1:07:04]}
36. Re3 {[%clk 0:20:10]} Rb8 {[%clk 1:07:22]} 37. Rd2 {[%clk 0:20:06]} Rcb4
{[%clk 1:07:31]} 38. Rd6 {[%clk 0:19:42]} Na5 {[%clk 1:07:27]} 39. Red3 {[%clk
0:18:56]} Rxb2 {[%clk 1:07:13]} 40. Kf4 {[%clk 0:18:00]} Kg7 {[%clk 1:06:36]}
0-1

[Event "DVM U16 2016"]
[Site "Neumarkt in der Oberpfalz GER"]
[Date "2016.12.29"]
[Round "6"]
[White "Sammet, Dominik"]
[Black "Browning, Rebecca"]
[Result "0-1"]
[Termination "normal"]
[Board "1.3"]
[WhiteElo "1696"]
[BlackElo "1815"]
[WhiteClock "00:26:44"]
[BlackClock "01:08:41"]
[WhiteTeam "SC Bavaria Regensburg"]
[BlackTeam "MS Halver-Schalksmühle"]
[PlyCount "118"]
[WhiteFideId "12987875"]
[BlackFideId "12984027"]
[EventCountry "GER"]
[EventRounds "7"]
[EventType "team-swiss"]
[EventDate "2016.12.26"]

1. e4 {[%clk 1:30:56]} e6 {[%clk 1:30:47]} 2. d4 {[%clk 1:29:49]} d5 {[%clk
1:30:59]} 3. e5 {[%clk 1:29:30]} c5 {[%clk 1:31:14]} 4. c3 {[%clk 1:29:24]} Bd7
{[%clk 1:31:06]} 5. Nf3 {[%clk 1:28:49]} Nc6 {[%clk 1:31:00]} 6. a3 {[%clk
1:26:24]} f6 {[%clk 1:30:17]} 7. b4 {[%clk 1:22:50]} fxe5 {[%clk 1:28:32]} 8.
dxe5 {[%clk 1:18:48]} Qc7 {[%clk 1:25:53]} 9. Bf4 {[%clk 1:13:44]} c4 {[%clk
1:21:53]} 10. Nd4 {[%clk 1:07:01]} O-O-O {[%clk 1:09:05]} 11. Nb5 {[%clk
1:00:51]} Qb6 {[%clk 1:04:30]} 12. a4 {[%clk 0:58:57]} a5 {[%clk 1:00:07]} 13.
Be3 {[%clk 0:52:53]} d4 {[%clk 0:52:30]} 14. cxd4 {[%clk 0:45:17]} Bxb4+ {[%clk
0:52:54]} 15. Bd2 {[%clk 0:41:09]} Bxd2+ {[%clk 0:52:56]} 16. Nxd2 {[%clk
0:39:17]} Nxe5 {[%clk 0:48:49]} 17. dxe5 {[%clk 0:39:28]} Bxb5 {[%clk 0:49:15]}
18. axb5 {[%clk 0:39:50]} c3 {[%clk 0:49:42]} 19. Qc2 {[%clk 0:38:30]} Qc5
{[%clk 0:49:22]} 20. Ne4 {[%clk 0:36:44]} Qxe5 {[%clk 0:45:16]} 21. Qxc3+
{[%clk 0:37:07]} Qxc3+ {[%clk 0:45:41]} 22. Nxc3 {[%clk 0:37:34]} b6 {[%clk
0:45:29]} 23. Bc4 {[%clk 0:36:02]} Kb7 {[%clk 0:45:26]} 24. O-O {[%clk
0:33:03]} Nf6 {[%clk 0:44:56]} 25. Bxe6 {[%clk 0:30:02]} Rd3 {[%clk 0:45:14]}
26. Rac1 {[%clk 0:25:35]} Re8 {[%clk 0:43:50]} 27. Bf5 {[%clk 0:24:28]} Rd4
{[%clk 0:42:49]} 28. Rfe1 {[%clk 0:22:53]} Red8 {[%clk 0:41:47]} 29. Re7+
{[%clk 0:22:28]} Kb8 {[%clk 0:42:10]} 30. Rxg7 {[%clk 0:17:03]} Rc4 {[%clk
0:42:30]} 31. Rg3 {[%clk 0:16:42]} Rc5 {[%clk 0:42:19]} 32. Bd3 {[%clk
0:13:40]} Rdc8 {[%clk 0:42:10]} 33. Rf3 {[%clk 0:06:18]} Nd5 {[%clk 0:41:18]}
34. Nxd5 {[%clk 0:05:16]} Rxc1+ {[%clk 0:41:41]} 35. Bf1 {[%clk 0:05:41]} R8c5
{[%clk 0:41:19]} 36. Rf8+ {[%clk 0:05:29]} Kb7 {[%clk 0:41:24]} 37. Rf7+ {[%clk
0:05:26]} Kb8 {[%clk 0:41:39]} 38. Ne3 {[%clk 0:05:27]} Rxb5 {[%clk 0:41:17]}
39. Rxh7 a4 {[%clk 0:41:18]} 40. Rh4 {[%clk 0:04:55]} a3 {[%clk 0:39:59]} 41.
Nc2 {[%clk 0:29:20]} Rbb1 {[%clk 1:09:45]} 42. Rh8+ {[%clk 0:28:14]} Kc7 {[%clk
1:09:54]} 43. Rh7+ {[%clk 0:28:23]} Kd8 {[%clk 1:09:33]} 44. Ne3 {[%clk
0:28:12]} a2 {[%clk 1:09:26]} 45. Ra7 {[%clk 0:26:58]} a1=Q {[%clk 1:09:38]}
46. Rxa1 {[%clk 0:27:26]} Rxa1 {[%clk 1:10:01]} 47. g4 {[%clk 0:27:49]} b5
{[%clk 1:08:59]} 48. Kg2 {[%clk 0:28:15]} Rxf1 {[%clk 1:06:33]} 49. Nxf1 {[%clk
0:28:26]} b4 {[%clk 1:06:43]} 50. Nd2 {[%clk 0:28:06]} Rd1 {[%clk 1:06:58]} 51.
Nb3 {[%clk 0:27:46]} Rd3 {[%clk 1:06:30]} 52. Nc5 {[%clk 0:27:02]} Rc3 {[%clk
1:06:19]} 53. Na4 {[%clk 0:26:28]} Rc4 {[%clk 1:06:42]} 54. Kg3 {[%clk
0:26:21]} b3 {[%clk 1:07:02]} 55. Nb2 {[%clk 0:26:23]} Rc2 {[%clk 1:07:26]} 56.
Na4 {[%clk 0:25:38]} Ra2 {[%clk 1:07:38]} 57. Nc3 {[%clk 0:26:00]} b2 {[%clk
1:08:03]} 58. f3 {[%clk 0:26:24]} Ra3 {[%clk 1:08:20]} 59. Nb1 {[%clk 0:26:44]}
Ra1 {[%clk 1:08:41]} 0-1